| 000 | 00520nam a22001937a 4500 | ||
|---|---|---|---|
| 005 | 20240916113229.0 | ||
| 008 | 240916b |||||||| |||| 00| 0 eng d | ||
| 020 | _a0-471-32959-2 | ||
| 050 |
_aQA 303 .G37 1999 _b70550 |
||
| 100 | _aSATURNINO SALAS | ||
| 245 | _aCALCULUS ONE AND SEVERAL VARIABLES | ||
| 250 | _aEIGHT EDITION | ||
| 260 |
_aUSA _bVICTOR GRAPHICS INC. _c1999 |
||
| 300 | _a1-523P. | ||
| 500 | _aIT HAS A TABLE OF CONTENTS | ||
| 650 | _aCalculus. | ||
| 700 | _aSATURNINO SALAS | ||
| 942 |
_2lcc _cBK |
||
| 999 |
_c212262 _d212262 |
||